书目信息 |
| 题名: |
地质时期中国各主要地区植物景观
|
|
| 作者: | 徐仁 编著 ;王秀琴 绘 | |
| 分册: | ||
| 出版信息: | 北京 科学出版社 1982.09 |
|
| 页数: | 50页 | |
| 开本: | 26cm | |
| 丛书名: | ||
| 单 册: | ||
| 中图分类: | Q914 | |
| 科图分类: | ||
| 主题词: | ||
| 电子资源: | ||
| ISBN: | ||
| 000 | 00614nam0 2200205 45 | |
| 001 | 0405251062 | |
| 005 | 20061124101329.75 | |
| 010 | @dCNY9.00 | |
| 091 | @a13031.1892 | |
| 100 | @a20040525d1982 km y0chiy0120 ea | |
| 101 | 0 | @achi |
| 105 | @a z 000yy | |
| 200 | 1 | @a地质时期中国各主要地区植物景观@ADi Zhi Shi Qi Zhong Guo Ge Zhu Yao Di Qu Zhi Wu Jing Guan@f徐仁编著@FXu Ren Bian Zhu@g王秀琴绘 |
| 210 | @a北京@c科学出版社@d1982.09 | |
| 215 | @a50页@c图@d26cm | |
| 690 | @aQ914@v3 | |
| 701 | 0 | @a徐仁@4编著 |
| 702 | 0 | @a王秀琴@AWang Xiu Qin@4绘 |
| 801 | @aCN@bPftUser@c20061124 | |
| 905 | @dQ914@e7@f1@b150807 | |
| 地质时期中国各主要地区植物景观/徐仁编著/王秀琴绘.-北京:科学出版社,1982.09 |
| 50页:图;26cm |
| ISBN :CNY9.00 |
| ● |
| 相关链接 |
|
|
|
|
正题名:地质时期中国各主要地区植物景观
索取号:Q914/7
 
预约/预借
| 序号 | 登录号 | 条形码 | 馆藏地/架位号 | 状态 | 备注 |
| 1 | 0150807 | 001471972 | 第三借阅区/ [索取号:Q914/7] | 在馆 | |
| 2 | 0150808 | 001471981 | 第二样本阅览室/ [索取号:Q914/7] | 在馆 | |
| 3 | 0249126 | 000702421 | 第三借阅区/ [索取号:Q914/7] | 在馆 | |
| 4 | 0249127 | 000702449 | 第三借阅区/ [索取号:Q914/7] | 在馆 |